MARC details
| 000 -LEADER |
| fixed length control field |
01230nam a2200277 a 4500 |
| 008 - FIXED-LENGTH DATA ELEMENTS--GENERAL INFORMATION |
| fixed length control field |
120416s2004 ||||||||||||||||| || u |
| 020 ## - INTERNATIONAL STANDARD BOOK NUMBER |
| International Standard Book Number |
1842771930 |
| 050 ## - LIBRARY OF CONGRESS CALL NUMBER |
| Classification number |
GN 380.I48 Int |
| 100 ## - MAIN ENTRY--PERSONAL NAME |
| Personal name |
Feit, Harvey A |
| 245 10 - TITLE STATEMENT |
| Title |
In the way of development : indigenous peoples, life projects, and globalization / |
| Statement of responsibility, etc. |
edited by Mario Blaser |
| 260 ## - PUBLICATION, DISTRIBUTION, ETC. |
| Place of publication, distribution, etc. |
London |
| Name of publisher, distributor, etc. |
Zed Books in association with International Development Research Centre, Ottawa Distributed exclusively in the USA by Palgrave Macmillan |
| Date of publication, distribution, etc. |
2004 |
| 300 ## - PHYSICAL DESCRIPTION |
| Extent |
ix, 362 p. : maps |
| 350 ## - PRICE (NR) (BK AM CF MU VM SE) [OBSOLETE] |
| Price |
0.00 |
| 500 ## - GENERAL NOTE |
| General note |
Includes bibliographical references and index. |
| 650 ## - SUBJECT ADDED ENTRY--TOPICAL TERM |
| Topical term or geographic name entry element |
Postcolonialism |
| 650 ## - SUBJECT ADDED ENTRY--TOPICAL TERM |
| Topical term or geographic name entry element |
CULTURE |
| 650 #0 - SUBJECT ADDED ENTRY--TOPICAL TERM |
| Topical term or geographic name entry element |
ECONOMIC DEVELOPMENT--AFRICA, SUB-SAHARAN |
| 650 #0 - SUBJECT ADDED ENTRY--TOPICAL TERM |
| Topical term or geographic name entry element |
HUMAN RIGHTS |
| 650 ## - SUBJECT ADDED ENTRY--TOPICAL TERM |
| Topical term or geographic name entry element |
Indigenous peoples |
| 700 ## - ADDED ENTRY--PERSONAL NAME |
| Personal name |
McRae, Glenn |
| 700 ## - ADDED ENTRY--PERSONAL NAME |
| Personal name |
Blaser, Mario, 1966- |
| 856 ## - ELECTRONIC LOCATION AND ACCESS |
| Uniform Resource Identifier |
<a href="http://www.loc.gov/catdir/description/hol052/2003057615.html">http://www.loc.gov/catdir/description/hol052/2003057615.html</a> |
| 856 ## - ELECTRONIC LOCATION AND ACCESS |
| Uniform Resource Identifier |
<a href="http://www.loc.gov/catdir/bios/hol055/2003057615.html">http://www.loc.gov/catdir/bios/hol055/2003057615.html</a> |
| 856 ## - ELECTRONIC LOCATION AND ACCESS |
| Uniform Resource Identifier |
<a href="http://www.loc.gov/catdir/toc/hol051/2003057615.html">http://www.loc.gov/catdir/toc/hol051/2003057615.html</a> |
| 995 ## - RECOMMENDATION 995 [LOCAL, UNIMARC FRANCE] |
| -- |
0.00 |
| -- |
CBU-MAIN LIBRARY (Kitwe) |
| -- |
1 |
| -- |
30.00 |
| -- |
1 |
| -- |
AVAILABLE |
| -- |
Main Library Open Access Collection |